Technické špecifikácie verzus technické normy, konkurenčný alebo doplňujúci systém ?

Všeobecný prehľad o tom, ako európska legislatíva narába s pojmom technická špecifikácia, ako sa zaoberá rozdielmi v definíciách obsahu tohto pojmu v smerniciach Nového prístupu a v neharmonizovanej oblasti slobodného pohybu tovaru a služieb informačných technológií. Analýza reflektovania tohto pojm...

Descrizione completa

Salvato in:
Dettagli Bibliografici
Autore principale: Steinlová, Kvetoslava
Natura: Capitolo di libro
Lingua:slovacco
Soggetti:
Tags: Aggiungi Tag
Nessun Tag, puoi essere il primo ad aggiungerne!!

MARC

LEADER 00000naa$a2200000$$$4500
001 0025066
005 20230511074327.6
041 0 |a slo 
044 |a SK 
245 1 0 |a Technické špecifikácie verzus technické normy, konkurenčný alebo doplňujúci systém ?  |c Kvetoslava Steinlová 
520 |a Všeobecný prehľad o tom, ako európska legislatíva narába s pojmom technická špecifikácia, ako sa zaoberá rozdielmi v definíciách obsahu tohto pojmu v smerniciach Nového prístupu a v neharmonizovanej oblasti slobodného pohybu tovaru a služieb informačných technológií. Analýza reflektovania tohto pojmu v slovenskom právnom poriadku a oboznámenie čitateľov s rozšíreným chápaním pojmu technická špecifikácia v pripravovanej komplexne prepracovanej legislatíve EÚ z oblasti verejného obstarávania. 
610 2 0 |a normalizácia technická 
610 2 0 |a pojmy 
610 2 0 |a definície 
610 2 0 |a výrobky 
610 2 0 |a požiadavky na výrobky 
610 2 0 |a bezpečnosť výrobkov 
610 2 0 |a predpisy 
610 2 0 |a normy technické 
610 2 0 |a certifikácia 
610 2 0 |a smernice 
610 2 0 |a právo komunitárne 
610 2 0 |a obstarávanie verejné 
610 2 0 |a legislatíva 
610 2 0 |a Európska únia 
100 1 |a Steinlová, Kvetoslava